| 000 | 00491nam a2200181Ia 4500 | ||
|---|---|---|---|
| 999 |
_c36265 _d36265 |
||
| 003 | OSt | ||
| 005 | 20201022122745.0 | ||
| 008 | 190216s9999||||xx |||||||||||||| ||und|| | ||
| 040 | _coclc | ||
| 082 |
_a923.254 _bBHA/G |
||
| 100 |
_aBhardwaj, K K _93062 |
||
| 245 | 0 |
_aGandhian Thought / _cK K Bhardwaj |
|
| 250 | _a1st Ed. | ||
| 260 |
_bSudha Publicaion, _aNew Delhi: |
||
| 300 | _a143p | ||
| 650 | _aEconomics | ||
| 942 |
_cREF _2ddc _h923.254 _iBHA/G _k923.254 _mBHA/G |
||